000 00311pab a2200145 454500
008 180718b1986 xxu||||| |||| 00| 0 eng d
100 _aHenderson, Hazel
245 _aTo the solar age
260 _c1986
300 _a20-5
362 _aJuly
650 _aSolar Energy
773 _aSeminar
909 _a18459
999 _c18459
_d18459